[Event "St Petersburg Korchnoi Memorial op"]
[Site "St Petersburg"]
[Date "2019.08.21"]
[Round "8"]
[White "Tipikin, Ivan"]
[Black "Aksenova, Maria"]
[Result "0-1"]
[WhiteElo "1859"]
[BlackElo "2008"]
[PlyCount "68"]
[EventDate "2019.08.14"]
[EventType "swiss"]
[EventRounds "9"]
[EventCountry "RUS"]
[SourceTitle "CBM 192"]
[Source "ChessBase"]
[SourceDate "2019.10.31"]
[SourceVersion "1"]
[SourceVersionDate "2019.10.31"]
[SourceQuality "1"]

1. d4 Nf6 2. Nf3 e6 3. Bf4 b6 4. Nbd2 Bb7 5. e3 Be7 6. Bd3 d5 7. Qe2 0-0 8. Ne5 c5 9. c3 Nfd7 10. h4 Nc6 11. Nxc6 Bxc6 12. h5 Bb7 13. Nf3 f5 14. 0-0-0 c4 15. Bc2 b5 16. g4 a5 17. gxf5 exf5 18. Rdg1 Rf7 19. Rg2 b4 20. Rhg1 Bf8 21. Ng5 Rf6 22. Qf3 Qe7 23. Qh3 bxc3 24. Bxf5 Qb4 25. f3 cxb2+ 26. Kb1 c3 27. Bxh7+ Kh8 28. Qxd7 Bc6 29. Qg4 Bb5 30. Be5 Bc4 31. Bxf6 Bxa2+ 32. Kc2 b1Q+ 33. Rxb1 Qxb1+ 34. Kxc3 Bb4# 0-1

[Event "St Petersburg Korchnoi Memorial op"]
[Site "St Petersburg"]
[Date "2019.08.14"]
[Round "1"]
[White "Lobanov, Sergei"]
[Black "Aksenova, Maria"]
[Result "1-0"]
[WhiteElo "2495"]
[BlackElo "2008"]
[PlyCount "85"]
[EventDate "2019.08.14"]
[EventType "swiss"]
[EventRounds "9"]
[EventCountry "RUS"]
[SourceTitle "CBM 192"]
[Source "ChessBase"]
[SourceDate "2019.10.31"]
[SourceVersion "1"]
[SourceVersionDate "2019.10.31"]
[SourceQuality "1"]

1. e4 c5 2. Nf3 Nc6 3. d4 cxd4 4. Nxd4 e5 5. Nb5 d6 6. c4 Be7 7. N1c3 a6 8. Na3 f5 9. exf5 Bxf5 10. Nc2 Nf6 11. Ne3 Be6 12. g3 0-0 13. Bg2 Rb8 14. 0-0 Nd4 15. b3 b5 16. cxb5 axb5 17. Ncd5 Qd7 18. Nxe7+ Qxe7 19. Bb2 Nf5 20. Nxf5 Bxf5 21. Qd2 b4 22. f4 Ng4 23. Kh1 Rbc8 24. fxe5 dxe5 25. Rac1 Rxc1 26. Qxc1 Be6 27. Rxf8+ Qxf8 28. h3 Nf2+ 29. Kh2 Nd3 30. Qc6 Qf7 31. Ba1 Qd7 32. Qa8+ Qc8 33. Qe4 Qd7 34. Bxe5 Bf5 35. Qa8+ Kf7 36. Ba1 Ne1 37. Bc6 Qd2+ 38. Kh1 Qe2 39. Qa7+ Qe7 40. Bd5+ Be6 41. Qf2+ Kg8 42. Be4 Bxb3 43. Qxe1 1-0

[Event "St Petersburg Summer op"]
[Site "St Petersburg"]
[Date "2017.08.17"]
[Round "2"]
[White "Aksenova, Maria"]
[Black "Kolchin, Maxim"]
[Result "1-0"]
[WhiteElo "1991"]
[BlackElo "1728"]
[PlyCount "87"]
[EventDate "2017.08.16"]
[EventType "swiss"]
[EventRounds "9"]
[EventCountry "RUS"]
[SourceTitle "CBM 180 Extra"]
[Source "ChessBase"]
[SourceDate "2017.10.06"]
[SourceVersion "1"]
[SourceVersionDate "2017.10.06"]
[SourceQuality "1"]

1. d4 Nf6 2. Nf3 g6 3. c4 Bg7 4. Nc3 0-0 5. e4 d6 6. Be2 e5 7. d5 a5 8. h3 Na6 9. Bg5 c6 10. 0-0 Nc5 11. Nd2 h6 12. Be3 Nfd7 13. Kh1 Qe7 14. f4 exf4 15. Bxf4 Ne5 16. Nb3 Rd8 17. Qd2 Qh4 18. Qe3 a4 19. Nxc5 dxc5 20. Qxc5 a3 21. Bh2 axb2 22. Rab1 Qg5 23. Qf2 Qe7 24. c5 Ra3 25. d6 Qe6 26. Nd1 Rxa2 27. Nxb2 Rf8 28. Qe3 Qe8 29. Nc4 Ra4 30. Nb6 Ra2 31. Bxe5 Bxe5 32. Bc4 Rc2 33. Nxc8 Qxc8 34. Qb3 Rc3 35. Bxf7+ Kg7 36. Qe6 Qxe6 37. Bxe6 Rxf1+ 38. Rxf1 Bf6 39. d7 Rd3 40. e5 Bxe5 41. Rf7+ Kh8 42. Rf8+ Kg7 43. d8Q Rxd8 44. Rxd8 1-0

[Event "Murmansk Basamro U16 4th"]
[Site "Murmansk"]
[Date "2016.10.08"]
[Round "4.3"]
[White "Tebenkov, Vladislav"]
[Black "Aksenova, Maria"]
[Result "1/2-1/2"]
[WhiteElo "2172"]
[BlackElo "1933"]
[PlyCount "47"]
[EventDate "2016.10.06"]
[EventType "team-tourn"]
[EventRounds "5"]
[EventCountry "RUS"]
[SourceTitle "EXT 2017"]
[Source "ChessBase"]
[SourceDate "2016.10.25"]
[SourceVersion "1"]
[SourceVersionDate "2016.10.25"]
[SourceQuality "1"]
[WhiteTeam "Leningrad Region"]
[BlackTeam "Murmansk Region"]
[WhiteTeamCountry "RUS"]
[BlackTeamCountry "RUS"]

1. e4 c5 2. Nf3 Nc6 3. Bb5 g6 4. Nc3 Bg7 5. Bxc6 dxc6 6. d3 Bg4 7. h3 Bxf3 8. gxf3 Nf6 9. Be3 Nd7 10. Qd2 e5 11. Bh6 Bxh6 12. Qxh6 Qe7 13. 0-0-0 0-0-0 14. f4 f6 15. Rdf1 Nb6 16. fxe5 fxe5 17. f4 c4 18. Rf3 Rhf8 19. f5 Rd6 20. Qe3 Rdf6 21. Rhf1 cxd3 22. cxd3 Qd6 23. Kc2 Kb8 24. fxg6 1/2-1/2

[Event "Murmansk Basamro U16 4th"]
[Site "Murmansk"]
[Date "2016.10.07"]
[Round "2.2"]
[White "Kokje, Joris"]
[Black "Aksenova, Maria"]
[Result "1-0"]
[WhiteElo "2126"]
[BlackElo "1933"]
[PlyCount "125"]
[EventDate "2016.10.06"]
[EventType "team-tourn"]
[EventRounds "5"]
[EventCountry "RUS"]
[SourceTitle "EXT 2017"]
[Source "ChessBase"]
[SourceDate "2016.10.25"]
[SourceVersion "1"]
[SourceVersionDate "2016.10.25"]
[SourceQuality "1"]
[WhiteTeam "Rotterdam"]
[BlackTeam "Murmansk Region"]
[WhiteTeamCountry "NED"]
[BlackTeamCountry "RUS"]

1. d4 Nf6 2. c4 e6 3. Nf3 b6 4. g3 Ba6 5. b3 Bb4+ 6. Bd2 Be7 7. Bg2 c6 8. Ne5 d5 9. 0-0 0-0 10. cxd5 exd5 11. Nc3 Bb7 12. Rc1 Nbd7 13. Bf4 Re8 14. e4 Nxe5 15. dxe5 Nxe4 16. Nxe4 dxe4 17. Bxe4 Ba3 18. Rc2 Ba6 19. Rd2 Qc8 20. Rd7 Re7 21. Rxe7 Bxe7 22. Re1 Bb4 23. Bd2 Bxd2 24. Qxd2 g6 25. Qd6 Bb7 26. Rd1 Qe8 27. Qc7 Qc8 28. Qe7 Ba6 29. Rd7 Qe8 30. Bxc6 Qxe7 31. Rxe7 Rc8 32. Rxa7 Rxc6 33. Rxa6 Kf8 34. a4 Ke7 35. b4 Rc1+ 36. Kg2 Ra1 37. Kf3 Ra2 38. Ke3 Kd7 39. b5 Ke6 40. Rxb6+ Kxe5 41. Ra6 Ra3+ 42. Ke2 Ke4 43. Rf6 Ra2+ 44. Kf1 Ke5 45. Rxf7 Rxa4 46. Rxh7 Rb4 47. Rg7 Kf5 48. Rb7 Kg4 49. Kg2 Rb2 50. b6 Kg5 51. Rb8 Kf6 52. b7 Kg7 53. g4 Rb4 54. Kg3 Rb3+ 55. f3 Rb1 56. h4 Rg1+ 57. Kf4 Rb1 58. Ke5 Rb6 59. f4 Rb4 60. f5 Rb5+ 61. Kd6 gxf5 62. gxf5 Rb2 63. f6+ 1-0

[Event "Voronezh op-B 19th"]
[Site "Voronezh"]
[Date "2015.06.20"]
[Round "8"]
[White "Aksenova, Maria"]
[Black "Sobina, Pavel"]
[Result "0-1"]
[WhiteElo "1900"]
[BlackElo "1999"]
[PlyCount "102"]
[EventDate "2015.06.12"]
[EventType "swiss"]
[EventRounds "9"]
[EventCountry "RUS"]
[SourceTitle "CBM 167 Extra"]
[Source "ChessBase"]
[SourceDate "2015.09.14"]
[SourceVersion "1"]
[SourceVersionDate "2015.09.14"]
[SourceQuality "1"]

1. d4 d5 2. c4 e6 3. Nf3 Nf6 4. Nc3 Nbd7 5. e3 c6 6. Qc2 Bb4 7. Bd3 0-0 8. 0-0 b6 9. cxd5 exd5 10. a3 Bxc3 11. bxc3 Re8 12. Nd2 Bb7 13. e4 dxe4 14. Nxe4 Nxe4 15. Bxe4 Nf6 16. Bf3 Qc7 17. Bg5 Re6 18. Rfe1 Rae8 19. Qd2 Qe7 20. Rxe6 Qxe6 21. Bxf6 Qxf6 22. Re1 Kf8 23. Re3 Ba6 24. Rxe8+ Kxe8 25. Qe3+ Kd8 26. Qe4 Kc7 27. Qxh7 g6 28. Qh6 Bc4 29. Qe3 a5 30. Be2 Be6 31. c4 Kb7 32. g3 Bd7 33. Bf3 Ka6 34. c5 b5 35. d5 Bh3 36. Qd3 Qa1+ 37. Bd1 Qe5 38. Be2 Bf5 39. Qd1 Kb7 40. d6 Kc8 41. g4 Be6 42. Qc2 Qa1+ 43. Kg2 Qxa3 44. Bf3 Kd7 45. Qe4 Qxc5 46. h4 Kxd6 47. h5 gxh5 48. gxh5 Qg5+ 49. Kf1 Bc4+ 50. Be2 Qc1+ 51. Kg2 Bd5 0-1

[Event "Moscow op-B (Women)"]
[Site "Moscow"]
[Date "2015.02.01"]
[Round "2"]
[White "Baraeva, Marina"]
[Black "Aksenova, Maria"]
[Result "1-0"]
[WhiteElo "2191"]
[BlackElo "1863"]
[PlyCount "113"]
[EventDate "2015.01.31"]
[EventType "swiss"]
[EventRounds "9"]
[EventCountry "RUS"]
[SourceTitle "CBM 164 Extra"]
[Source "ChessBase"]
[SourceDate "2015.03.02"]
[SourceVersion "1"]
[SourceVersionDate "2015.03.02"]
[SourceQuality "1"]

1. d4 Nf6 2. Nf3 e6 3. c4 b6 4. a3 Bb7 5. Nc3 d6 6. g3 Nbd7 7. Bg2 Be7 8. 0-0 0-0 9. Qc2 Re8 10. e4 e5 11. dxe5 dxe5 12. Rd1 Bd6 13. Nh4 g6 14. Bg5 a6 15. b4 Qb8 16. Bh3 Kg7 17. Nd5 Bxd5 18. exd5 h6 19. Be3 a5 20. c5 Be7 21. Rac1 axb4 22. axb4 bxc5 23. bxc5 Qb4 24. d6 cxd6 25. cxd6 Bf8 26. Rb1 Qa4 27. Qd2 Kh7 28. Rb4 Qa6 29. Bxd7 Nxd7 30. Qd5 Re6 31. Rb7 Qa4 32. Rxd7 Qxd7 33. Qxa8 Rxd6 34. Rxd6 Qxd6 35. Nf3 Bg7 36. Qa4 Qd5 37. Nd2 Qd6 38. Qc4 Qd7 39. Ne4 Qd1+ 40. Kg2 Qd7 41. Nc3 Qb7+ 42. Nd5 Qd7 43. Bxh6 Qb7 44. Bxg7 Kxg7 45. Qe4 Qb8 46. Ne3 Qc7 47. Ng4 f6 48. Qf3 Qe7 49. Nxf6 Qxf6 50. Qxf6+ Kxf6 51. Kf3 Kf5 52. h4 Kf6 53. Ke4 Ke6 54. g4 Kf6 55. h5 gxh5 56. gxh5 Kg5 57. Kxe5 1-0

[Event "Chigorin Memorial 22nd"]
[Site "St Petersburg"]
[Date "2014.10.23"]
[Round "6"]
[White "Aksenova, Maria"]
[Black "Bezstrakhov, Dmitry"]
[Result "1/2-1/2"]
[WhiteElo "1777"]
[BlackElo "1987"]
[PlyCount "50"]
[EventDate "2014.10.18"]
[EventType "swiss"]
[EventRounds "9"]
[EventCountry "RUS"]
[SourceTitle "EXT 2015"]
[Source "ChessBase"]
[SourceDate "2014.11.20"]
[SourceVersion "1"]
[SourceVersionDate "2014.11.20"]
[SourceQuality "1"]

1. d4 Nf6 2. Nf3 e6 3. c4 d5 4. Nc3 c6 5. e3 Nbd7 6. Qc2 Bd6 7. Bd3 dxc4 8. Bxc4 0-0 9. 0-0 e5 10. Ne4 Nxe4 11. Qxe4 Nf6 12. Qc2 e4 13. Ne5 Qe7 14. f4 exf3 15. Nxf3 Bg4 16. Ng5 h6 17. Rxf6 hxg5 18. Rh6 gxh6 19. Qg6+ Kh8 20. Qxh6+ Kg8 21. Qg6+ Kh8 22. Qh6+ Kg8 23. Qg6+ Kh8 24. Qh6+ Kg8 25. Qg6+ Kh8 1/2-1/2